000
00287 a2200097 4500
000
nam a22 7a 4500
020
_a
9781905783786
100
_a
Hammerson, Marc
245
_a
Oil and gas decommissioning : law, policy and comparative practice
260
_b
Global Business Publishing,
_c
2013
999
_c
85584
_d
85584